LEADER 00917nam0-22002651i-450- 001 990006712690403321 005 20080327141740.0 035 $a000671269 035 $aFED01000671269 035 $a(Aleph)000671269FED01 035 $a000671269 100 $a20010426d--------km-y0itay50------ba 101 0 $aita 105 $ay-------001yy 200 1 $a<>norme per la repressione delle violazioni delle leggi finanziarie$eCommento teorico-pratico della legge 7 gennaio 1929 n.4 e del R.D. 24 settembre 1931 N.1473$eAllegati i testi ufficiali$fEnrico Rossi 210 $aNapoli$cG.D'Andrea$ds.d. 215 $a75 p.$d22 cm 700 1$aRossi,$bEnrico$0410651 801 0$aIT$bUNINA$gRICA$2UNIMARC 901 $aBK 912 $a990006712690403321 952 $aBUSTA VIII C 36$b1279$fFSPBC 959 $aFSPBC 996 $aNorme per la repressione delle violazioni delle leggi finanziarie$9615494 997 $aUNINA LEADER 00809nam0-2200277 --450 001 9910365358203321 005 20200123130343.0 010 $a978-88-6708-792-1 100 $a20200123d2018----km y0itay50 ba 101 0 $aita 102 $aIT 105 $ay 001yy 200 1 $a<>suicidio della cultura occidentale$ecosì l'islam radicale sta vincendo$fGiulio Meotti 210 $aTorino$cLindau$d2018 215 $a226 p.$d17 cm 225 1 $a<>piccoli Draghi 610 0 $aFondamentalismo islamico 676 $a320.557$v23$zita 700 1$aMeotti,$bGiulio$0624268 801 0$aIT$bUNINA$gREICAT$2UNIMARC 901 $aBK 912 $a9910365358203321 952 $aII G 349$b456/2020$fFSPBC 959 $aFSPBC 996 $aSuicidio della cultura occidentale$91576899 997 $aUNINA LEADER 01003nam a22002411i 4500 001 991000827739707536 005 20040204102829.0 008 040220s19uu it |||||||||||||||||ita 035 $ab12676500-39ule_inst 035 $aARCHE-067484$9ExL 040 $aDip.to Scienze pedagogiche$bita$cA.t.i. Arché s.c.r.l. Pandora Sicilia s.r.l. 082 04$a377 100 1 $aModugno, Giovanni$0122607 245 12$aL'educazione religiosa e morale nella scuola elementare :$bper maestri, genitori, insegnanti di religione /$cGiovanni Modugno 260 $aBrescia :$bLa Scuola,$c[19..] 300 $a1 v. ;$c20 cm 650 4$aEducazione religiosa$xScuola elementare 907 $a.b12676500$b02-04-14$c17-03-04 912 $a991000827739707536 945 $aLE022 MP 77 A 47$g1$i2022000098823$lle022$o-$pE0.00$q-$rl$s- $t0$u1$v0$w1$x0$y.i13186218$z17-03-04 996 $aEducazione religiosa e morale nella scuola elementare$9273551 997 $aUNISALENTO 998 $ale022$b17-03-04$cm$da $e-$fita$git $h2$i1